Landen van Afrika - Statistieken

Algemene statistieken
  • Deze quiz is 4.308 keer genomen
  • De gemiddelde score is 37 van 54
Antwoorden op de kaart
Antwoorden kleurgecodeerd door een groen-rode schaal op de quizkaart volgens % correct hieronder.
 
Antwoordstatistieken
Land % Correct
Marokko
98%
Egypte
97%
Zuid-Afrika
96%
Madagaskar
93%
Algerije
91%
Niger
90%
Democratische Republiek Congo
89%
Republiek Congo
89%
Nigeria
87%
Libië
84%
Soedan
84%
Tunesië
84%
Zuid-Soedan
80%
Ethiopië
77%
Somalië
77%
Mali
75%
Kenia
74%
Ivoorkust
73%
Zimbabwe
73%
Senegal
72%
Ghana
70%
Tsjaad
70%
Angola
69%
Zambia
69%
Botswana
66%
Kaapverdië
66%
Mozambique
66%
Namibië
66%
Tanzania
66%
Eritrea
65%
Kameroen
65%
Mauritanië
65%
Centraal-Afrikaanse Republiek
64%
Guinee
63%
Gambia
62%
Togo
62%
Lesotho
61%
Rwanda
60%
Oeganda
59%
Benin
58%
Mauritius
57%
Burkina Faso
56%
Eswatini
56%
Liberia
56%
Malawi
55%
Djibouti
53%
Burundi
52%
Seychellen
52%
Gabon
51%
Sierra Leone
51%
Guinee-Bissau
50%
Equatoriaal-Guinea
49%
Comoren
46%
Sao Tomé en Principe
41%
Geen overeenkomende quizzen gevonden
Scoreverdeling
Procent van Mensen met Elke Score
Percentiel versus Aantal Correcte Antwoorden
Uw Scoregeschiedenis
U heeft deze quiz nog niet genomen